Geochemical investigation of heavy metal content of streams and springs in the Galena Hill-Mount Haldane area, Yukon Territory, (Record no. 29128)

MARC details
000 -LEADER
fixed length control field 00913cam a22002531 4500
001 - CONTROL NUMBER
control field gs 57000075
003 - CONTROL NUMBER IDENTIFIER
control field DLC
005 - DATE AND TIME OF LATEST TRANSACTION
control field 20260227111405.0
008 - FIXED-LENGTH DATA ELEMENTS--GENERAL INFORMATION
fixed length control field 720309s1956 xx 000 0 eng
010 ## - LIBRARY OF CONGRESS CONTROL NUMBER
LC control number gs 57000075
035 ## - SYSTEM CONTROL NUMBER
System control number (OCoLC)259915
040 ## - CATALOGING SOURCE
Original cataloging agency DLC
Transcribing agency OAkU
Modifying agency DLC
042 ## - AUTHENTICATION CODE
Authentication code premarc
050 00 - LIBRARY OF CONGRESS CALL NUMBER
Classification number QE185
Item number .A43 no. 36
100 1# - MAIN ENTRY--PERSONAL NAME
Personal name Boyle, R. W.
Fuller form of name (Robert William),
Dates associated with a name 1920-
245 10 - TITLE STATEMENT
Title Geochemical investigation of heavy metal content of streams and springs in the Galena Hill-Mount Haldane area, Yukon Territory,
Statement of responsibility, etc. by Robert W. Boyle, Edward L. Pekar, and Paul R. Patterson.
260 ## - PUBLICATION, DISTRIBUTION, ETC.
Place of publication, distribution, etc. Ottawa,
Name of publisher, distributor, etc. E. Cloutier, Queen's printer,
Date of publication, distribution, etc. 1956.
300 ## - PHYSICAL DESCRIPTION
Extent v, 12 p.
Other physical details maps (2 fold. col. in pocket) table.
410 20 - SERIES STATEMENT/ADDED ENTRY--CORPORATE NAME [OBSOLETE, CAN/MARC], [LOCAL, USA]
Corporate name or jurisdiction name as entry element Geological Survey of Canada.
Title of a work Bulletin
Volume number/sequential designation 36
504 ## - BIBLIOGRAPHY, ETC. NOTE
Bibliography, etc. note "References": p. 12.
650 #0 - SUBJECT ADDED ENTRY--TOPICAL TERM
Topical term or geographic name entry element Geology
Geographic subdivision Yukon.
650 #0 - SUBJECT ADDED ENTRY--TOPICAL TERM
Topical term or geographic name entry element Water-supply
Geographic subdivision Yukon.
650 #0 - SUBJECT ADDED ENTRY--TOPICAL TERM
Topical term or geographic name entry element Water
General subdivision Composition.

No items available.

Powered by Koha